000 00726nam a22002417a 4500
003 UA-OsUOA
001 102938
007 ta
008 20131007b un ||||| |||| 00| 0 ukr d
100 _aЄфименко Т.І.
700 _aГасанов С.С.
700 _aКудряшов В.П.
090 _a330(477)
_bЕ99
942 _cSA
040 _aUA-OsUOA
_bukr
_cUA-OsUOA
_dUA-OsUOA
245 _aФіскальна консолідація в контексті антикризового регулювання
300 _aС.7-21
955 _a0
041 _aukr
080 _a330(477)
773 0 _w102937
_tФінанси України
_dК.
_d2013
_g2
650 7 _a330 Економіка взагалі
_2UDC
999 _c389087
_d389087